00310nam a2200121Ia 4500008004100000020001800041041000800059082002500067100001700092245003300109260003700142300000900179230411s9999 xx 000 0 und d a81-7179-987-6 aeng aPS/616.89/AHU/B00528 aAhuja Neeraj aShort Textbook of Psychiatry bJaypee BrothersaNew Delhic2005 a268p